Sports Quiz

Random Sports or NBA Quiz

Big Four Unique Geographical Names Quiz Stats

Quiz not verified by Sporcle

Also try: NBA Top 10 (1990s)
Challenge
Share
Tweet
Embed
Score 0/29 Timer 03:00
0 Plays Today
% Correct
Golden State
87.9%
New England
86.8%
Oklahoma City
86.8%
Utah
86.5%
Memphis
85.8%
San Antonio
85.8%
Calgary
85.4%
Jacksonville
85.4%
Brooklyn
85.1%
Nashville
84.7%
San Jose
84.7%
Green Bay
84.3%
Edmonton
84%
Montreal
84%
Ottawa
82.9%
% Correct
Winnipeg
82.6%
Indiana
82.2%
Sacramento
82.2%
Tennessee
82.2%
Columbus
80.8%
Indianapolis
80.1%
Charlotte
79%
Vancouver
77.6%
New Jersey
76.5%
Portland
76.2%
Orlando
73%
Texas
72.2%
Florida
70.5%
Phoenix
50.9%

You're not logged in!

Compare scores with friends on all Sporcle quizzes.
Sign Up with Email
OR
Log In

You Might Also Like...

Show Comments

Extras

Top Quizzes Today


Score Distribution

Your Account Isn't Verified!

In order to create a playlist on Sporcle, you need to verify the email address you used during registration. Go to your Sporcle Settings to finish the process.

Report this User

Report this user for behavior that violates our Community Guidelines.

Details: